Geographic Sevensomes Quiz Stats

Quiz not verified by Sporcle

Also try: Route 66 States
Challenge
Share
Tweet
Embed
Score 0/105 Timer 10:00
0 Plays Today
% Correct
Asia
97.5%
North America
97.4%
Australia
97.4%
South America
97.4%
Europe
97.2%
Africa
97%
Antarctica
94.3%
Pakistan
87%
Afghanistan
85.5%
Tennessee
81.6%
Uzbekistan
81.4%
Kazakhstan
81.4%
Turkmenistan
80.9%
Sri Lanka
78.5%
Everest
78.5%
Tajikistan
76.6%
Panama
76.5%
Great Pyramid of Giza
76.2%
Guatemala
76.2%
Ohio
75.8%
West Virginia
75.5%
El Salvador
74.6%
Austria
73.2%
Kyrgyzstan
72.9%
Virginia
72.8%
Honduras
72.4%
Australia
72.1%
Slovakia
71.9%
Seychelles
71.4%
Indiana
71.3%
Costa Rica
71.2%
Quebec
70.7%
Madagascar
70.5%
Nicaragua
70.2%
Belize
69.9%
% Correct
Ontario
69.5%
Mauritius
69.3%
Illinois
69.2%
Romania
69.1%
Missouri
68.1%
Hanging Gardens of Babylon
67.7%
Tajikistan
66.3%
Mali
65.1%
Japan
64.8%
Slovenia
64.7%
Mediterranean Sea
64.4%
Madagascar
64.3%
Red Sea
63.9%
Black Sea
63.7%
Comoros
63.6%
United Kingdom
62.2%
British Columbia
61.4%
Serbia
60.6%
Croatia
60.4%
Alberta
59.3%
Ukraine
57.9%
Mozambique
57.6%
Mauritius
55.2%
Mauritania
54.7%
Malawi
51.7%
Maldives
51.1%
Kilimanjaro
51.1%
Argentina
50.9%
Morocco
50.3%
Saskatchewan
50.2%
Jamaica
50.2%
Manitoba
49.9%
McKinley
49.8%
France
48.1%
New Zealand
46.8%
% Correct
Chile
45.3%
Caspian Sea
45.1%
Colossus of Rhodes
43.3%
Jordan
42.5%
Bahrain
38.9%
Vienna, Austria
38.7%
Vatican City, Vatican City
38%
Lighthouse of Alexandria
37.9%
New Brunswick
35.9%
Norway
34.3%
Fiji
30.7%
Azerbaijan
29.5%
Vaduz, Liechtenstein
29.4%
Djibouti
28.7%
Vilnius, Lithuania
27.4%
Statue of Zeus at Olympia
23%
Adriatic Sea
22.7%
Valletta, Malta
22.1%
Arabian Sea
19.8%
Temple of Artemis at Ephesus
18.8%
Mausoleum of Maussollos at Halicarnassus
16.7%
Vientiane, Laos
15.8%
Persian Gulf
15.6%
Aconcagua
15.1%
Elbrus
14.6%
Victoria, Seychelles
13.9%
Palatine
12.4%
Capitoline
8.6%
Vinson Massif
8.5%
Kosciuszko
5.8%
Aventine
5%
Quirinal
4.3%
Esquiline
3.6%
Viminal
3.2%
Caelian
2.6%

You're not logged in!

Compare scores with friends on all Sporcle quizzes.
Sign Up with Email
OR
Log In

You Might Also Like...

Show Comments

Extras

Top Quizzes Today


Score Distribution

Your Account Isn't Verified!

In order to create a playlist on Sporcle, you need to verify the email address you used during registration. Go to your Sporcle Settings to finish the process.